[Event "37. Copenhagen Open (Politiken Cup)"]
[Site "Elsinore"]
[Date "2015.08.01"]
[Round "9"]
[White "Franzen, Per Erik"]
[Black "Mozelius, Peter"]
[Result "1-0"]
[WhiteElo "1988"]
[BlackElo "1825"]
[PlyCount "119"]
[EventDate "2015.07.25"]
[EventType "swiss"]
[EventRounds "10"]
[EventCountry "DEN"]
[Source "ChessBase"]
[SourceDate "2015.09.14"]

1. d4 d6 2. Nf3 g6 3. c4 Bg7 4. e4 Nc6 5. d5 Ne5 6. Nd4 c5 7. Nc2 Qb6 8. Be2 f5
9. Nc3 Nf6 10. exf5 Bxf5 11. Ne3 Bd7 12. f4 Nf7 13. O-O Nh6 14. g4 Nf7 15. g5
Ng8 16. Bg4 O-O-O 17. Qc2 Re8 18. Bd2 Qd8 19. Be6 Rf8 20. Rab1 Qe8 21. b4 Nd8
22. Qe4 Bd4 23. Bxd7+ Qxd7 24. Nb5 e5 25. fxe5 Rxf1+ 26. Rxf1 dxe5 27. bxc5
Bxc5 28. Qxe5 Ne7 29. Kh1 Re8 30. Qg3 a6 31. Bb4 axb5 32. Bxc5 bxc4 33. Qf3 b5
34. d6 Nec6 35. Nd5 Kb8 36. Nf6 Qe6 37. d7 Re7 38. Bxe7 Qxe7 39. Qd5 Qb4 40.
Ne4 Kc7 41. a4 bxa4 42. Rc1 Qa3 43. Rc3 Qa1+ 44. Kg2 Qb2+ 45. Kh3 a3 46. Qd6+
Kb6 47. Qc5+ Kc7 48. Rxa3 Kxd7 49. Qd6+ Kc8 50. Rc3 Qe2 51. Qf4 Qh5+ 52. Kg3
Qe2 53. Rxc4 Qe1+ 54. Kh3 Qe2 55. Qg4+ Qxg4+ 56. Kxg4 Kd7 57. Nf6+ Ke6 58. Re4+
Ne5+ 59. Kf4 Ndf7 60. Ng4 1-0

[Event "37. Copenhagen Open (Politiken Cup)"]
[Site "Elsinore"]
[Date "2015.08.01"]
[Round "9"]
[White "Frisk, Hans"]
[Black "Schou Moldt, Thomas"]
[Result "0-1"]
[WhiteElo "2013"]
[BlackElo "2205"]
[PlyCount "66"]
[EventDate "2015.07.25"]
[EventType "swiss"]
[EventRounds "10"]
[EventCountry "DEN"]
[Source "ChessBase"]
[SourceDate "2015.09.14"]

1. c4 g6 2. g3 Bg7 3. Bg2 c5 4. Nc3 Nc6 5. Nf3 d6 6. O-O Bf5 7. d3 Qd7 8. Ne1
Bh3 9. Nc2 h5 10. e3 Nf6 11. Nd5 Bxg2 12. Nxf6+ Bxf6 13. Kxg2 h4 14. g4 h3+ 15.
Kg1 Rh4 16. f3 d5 17. Rb1 Rd8 18. cxd5 Qxd5 19. Ne1 Qxa2 20. Bd2 Qe6 21. Qa4
Kf8 22. Kf2 c4 23. Qc2 Qd6 24. Rh1 cxd3 25. Qa4 Rh7 26. b4 Ne5 27. Qxa7 Bh4+
28. Kf1 Bxe1 29. Kxe1 Nxf3+ 30. Kd1 Qe6 31. Qa5 b6 32. Qa1 Qxg4 33. Bc3 Qg2 0-1

[Event "37. Copenhagen Open (Politiken Cup)"]
[Site "Elsinore"]
[Date "2015.08.01"]
[Round "9"]
[White "Gade, Jens"]
[Black "Sateren, Erlend"]
[Result "0-1"]
[WhiteElo "1572"]
[BlackElo "1400"]
[PlyCount "90"]
[EventDate "2015.07.25"]
[EventType "swiss"]
[EventRounds "10"]
[EventCountry "DEN"]
[Source "ChessBase"]
[SourceDate "2015.09.14"]

1. d4 Nf6 2. Nf3 g6 3. e3 Bg7 4. Be2 O-O 5. c4 d6 6. Nc3 c5 7. d5 Na6 8. a3 Nc7
9. O-O Rb8 10. Re1 Bd7 11. e4 b5 12. Qc2 bxc4 13. Bxc4 Re8 14. e5 Ng4 15. Bf4
Bf5 16. Qd2 dxe5 17. Nxe5 Nxe5 18. Bxe5 e6 19. Bxg7 Kxg7 20. b3 Qd6 21. Rad1
exd5 22. Rxe8 Rxe8 23. Nxd5 Nxd5 24. Bxd5 Qe5 25. Bc4 Be6 26. Re1 Qf6 27. Bxe6
Rxe6 28. Rxe6 Qxe6 29. Kf1 Qxb3 30. Qe3 Qxe3 31. fxe3 Kf6 32. Ke2 Ke5 33. Kd3
f5 34. a4 a6 35. Kc4 Kd6 36. h4 h6 37. g3 Kc6 38. a5 Kd6 39. Kc3 Kd5 40. Kd3
c4+ 41. Kc3 Kc5 42. Kc2 Kb4 43. g4 fxg4 44. e4 g3 45. e5 g2 0-1

[Event "37. Copenhagen Open (Politiken Cup)"]
[Site "Elsinore"]
[Date "2015.08.01"]
[Round "9"]
[White "Gaure, Sigurd Lauvas"]
[Black "Madsen, Dennis"]
[Result "0-1"]
[WhiteElo "1406"]
[BlackElo "1678"]
[PlyCount "50"]
[EventDate "2015.07.25"]
[EventType "swiss"]
[EventRounds "10"]
[EventCountry "DEN"]
[Source "ChessBase"]
[SourceDate "2015.09.14"]

1. e4 d5 2. exd5 Nf6 3. d4 Qxd5 4. Nf3 Bg4 5. Be2 Nc6 6. O-O O-O-O 7. c3 h6 8.
Be3 e6 9. b4 Bd6 10. h3 h5 11. hxg4 hxg4 12. Ng5 Bh2+ 13. Kh1 Bf4+ 14. Kg1 Qxg5
15. Bxf4 Qh4 16. f3 g3 17. Bxg3 Qxg3 18. Qe1 Qh2+ 19. Kf2 Qf4 20. Bd3 Ng4+ 21.
Ke2 Qe3+ 22. Kd1 Qxd3+ 23. Kc1 Ne3 24. Rf2 Nc4 25. Nd2 Qxc3+ 0-1

[Event "37. Copenhagen Open (Politiken Cup)"]
[Site "Elsinore"]
[Date "2015.08.01"]
[Round "9"]
[White "Gottschalck, Christian"]
[Black "Nielsen, Thomas Bach"]
[Result "0-1"]
[WhiteElo "1830"]
[BlackElo "2193"]
[PlyCount "36"]
[EventDate "2015.07.25"]
[EventType "swiss"]
[EventRounds "10"]
[EventCountry "DEN"]
[Source "ChessBase"]
[SourceDate "2015.09.14"]

1. f4 e5 2. fxe5 d6 3. exd6 Bxd6 4. Nf3 Nf6 5. b3 Ng4 6. Bb2 Nxh2 7. Kf2 Ng4+
8. Kg1 Bg3 9. Rh5 Nf2 10. Qc1 Bg4 11. Rg5 f6 12. Rb5 a6 13. Rc5 Nd7 14. Rc3 Nb6
15. Ne1 Ne4 16. Rd3 Qe7 17. Nc3 Qc5+ 18. e3 Bf2+ 0-1

[Event "37. Copenhagen Open (Politiken Cup)"]
[Site "Elsinore"]
[Date "2015.08.01"]
[Round "9"]
[White "Gough, Rod"]
[Black "Nielsen, Jorgen Lovgren"]
[Result "0-1"]
[WhiteElo "1822"]
[BlackElo "2106"]
[PlyCount "50"]
[EventDate "2015.07.25"]
[EventType "swiss"]
[EventRounds "10"]
[EventCountry "DEN"]
[Source "ChessBase"]
[SourceDate "2015.09.14"]

1. d4 f5 2. Bf4 Nf6 3. e3 g6 4. g3 Bg7 5. Be5 d6 6. Bxf6 Bxf6 7. Bg2 O-O 8. c3
c6 9. Nd2 e5 10. dxe5 dxe5 11. Qb3+ Kh8 12. O-O-O Qe7 13. Kb1 Be6 14. Qc2 Nd7
15. f3 a5 16. Ne2 a4 17. Nc1 b5 18. Bf1 Nc5 19. h4 Rfb8 20. a3 Nd7 21. e4 c5
22. exf5 gxf5 23. Bd3 b4 24. Bxf5 bxc3 25. Qxc3 e4 0-1

[Event "37. Copenhagen Open (Politiken Cup)"]
[Site "Elsinore"]
[Date "2015.08.01"]
[Round "9"]
[White "Grigoriants, Sergey"]
[Black "Jepson, Christian"]
[Result "1/2-1/2"]
[WhiteElo "2594"]
[BlackElo "2428"]
[PlyCount "89"]
[EventDate "2015.07.25"]
[EventType "swiss"]
[EventRounds "10"]
[EventCountry "DEN"]
[Source "ChessBase"]
[SourceDate "2015.09.14"]

1. Nf3 d5 2. g3 g6 3. Bg2 Bg7 4. d4 c6 5. O-O Nf6 6. Nbd2 O-O 7. c4 Bf5 8. b3
Ne4 9. Bb2 Qa5 10. Nxe4 Bxe4 11. Qc1 Nd7 12. Qe3 e6 13. Rfc1 Rfe8 14. Bh3 Bxf3
15. Qxf3 Rad8 16. e3 Qb6 17. Rc2 dxc4 18. Rxc4 e5 19. Bxd7 Rxd7 20. dxe5 Bxe5
21. Re4 f6 22. Bxe5 Rxe5 23. Rxe5 fxe5 24. h4 Qc5 25. Qg4 Qd5 26. h5 Kf7 27.
Rf1 Qe6 28. Qh4 Qf6 29. hxg6+ hxg6 30. Qh7+ Ke6 31. Qg8+ Qf7 32. Qb8 e4 33.
Qxa7 Qf3 34. Qb8 Rd5 35. Qe8+ Kf5 36. Qc8+ Kf6 37. Qf8+ Ke6 38. Qe8+ Kf6 39.
Qh8+ Kf7 40. Qh7+ Kf6 41. Qh8+ Ke6 42. Qc8+ Kf6 43. Qc7 Ke6 44. Qf4 Qxf4 45.
gxf4 1/2-1/2

[Event "37. Copenhagen Open (Politiken Cup)"]
[Site "Elsinore"]
[Date "2015.08.01"]
[Round "9"]
[White "Grove, Peter"]
[Black "Liedbeck, Patrik"]
[Result "0-1"]
[WhiteElo "2098"]
[BlackElo "1986"]
[PlyCount "59"]
[EventDate "2015.07.25"]
[EventType "swiss"]
[EventRounds "10"]
[EventCountry "DEN"]
[Source "ChessBase"]
[SourceDate "2015.09.14"]

1. c4 c5 2. Nc3 Nc6 3. g3 g6 4. Bg2 Bg7 5. Nf3 e6 6. O-O Nge7 7. a3 O-O 8. Rb1
d5 9. cxd5 exd5 10. d3 Be6 11. Bf4 b6 12. Qa4 a6 13. Rfc1 b5 14. Qd1 Rc8 15.
Ng5 h6 16. Nxe6 fxe6 17. e4 g5 18. Bd2 d4 19. Na2 Ne5 20. Qb3 c4 21. dxc4 bxc4
22. Qa4 Nd3 23. Rxc4 Rxf2 24. Qxa6 Rxd2 25. Qxe6+ Kh8 26. Rf1 Rxc4 27. Qxc4 Ng6
28. b4 Nge5 29. Qe6 Qg8 30. Bh3 0-1

[Event "37. Copenhagen Open (Politiken Cup)"]
[Site "Elsinore"]
[Date "2015.08.01"]
[Round "9"]
[White "Halvorsen, Benjamin"]
[Black "Norevall, Ulf"]
[Result "0-1"]
[WhiteElo "1728"]
[BlackElo "1905"]
[PlyCount "54"]
[EventDate "2015.07.25"]
[EventType "swiss"]
[EventRounds "10"]
[EventCountry "DEN"]
[Source "ChessBase"]
[SourceDate "2015.09.14"]

1. e4 c5 2. Nf3 Nc6 3. Bb5 g6 4. Bxc6 bxc6 5. d3 Bg7 6. c3 d6 7. Be3 Nf6 8. h3
O-O 9. Nbd2 Ba6 10. Qc2 Nd7 11. c4 e5 12. g4 f5 13. gxf5 gxf5 14. exf5 Rxf5 15.
Rg1 Kh8 16. Ng5 Qe7 17. d4 Raf8 18. d5 cxd5 19. cxd5 Bh6 20. Ne6 Bxe3 21. fxe3
Qh4+ 22. Kd1 Qf2 23. Re1 Rb8 24. Rb1 Rg8 25. Qa4 Rg2 26. Ne4 Qxe1+ 27. Kxe1
Rf1# 0-1

[Event "37. Copenhagen Open (Politiken Cup)"]
[Site "Elsinore"]
[Date "2015.08.01"]
[Round "9"]
[White "Hammer, Jon Ludvig"]
[Black "Hillarp Persson, Tiger"]
[Result "1/2-1/2"]
[WhiteElo "2677"]
[BlackElo "2563"]
[PlyCount "69"]
[EventDate "2015.07.25"]
[EventType "swiss"]
[EventRounds "10"]
[EventCountry "DEN"]
[Source "ChessBase"]
[SourceDate "2015.09.14"]

1. d4 Nf6 2. c4 e6 3. Nc3 c5 4. d5 exd5 5. cxd5 d6 6. Nf3 g6 7. Bf4 a6 8. a4
Bg7 9. h3 O-O 10. e3 Re8 11. Be2 Ne4 12. Nxe4 Rxe4 13. Nd2 Rb4 14. Nc4 Nd7 15.
O-O Nb6 16. Nxd6 Rxf4 17. Nxc8 Rb4 18. Nxb6 Qxb6 19. a5 Qd6 20. Rb1 Bxb2 21.
Qc2 Bg7 22. Rfc1 Rb8 23. Bc4 Bf8 24. Rxb4 cxb4 25. Bb3 Qe5 26. Qd3 Re8 27. Ba4
Bd6 28. g3 Re7 29. Kg2 Rc7 30. Rxc7 Bxc7 31. d6 Qxd6 32. Qe4 Bxa5 33. Qxb7 Bc7
34. Bb3 Kg7 35. Qf3 1/2-1/2

[Event "37. Copenhagen Open (Politiken Cup)"]
[Site "Elsinore"]
[Date "2015.08.01"]
[Round "9"]
[White "Hansen, Alex Mehr"]
[Black "Marthedal, Anton Mehmet Yildiz"]
[Result "0-1"]
[WhiteElo "1965"]
[BlackElo "1811"]
[PlyCount "70"]
[EventDate "2015.07.25"]
[EventType "swiss"]
[EventRounds "10"]
[EventCountry "DEN"]
[Source "ChessBase"]
[SourceDate "2015.09.14"]

1. e4 c6 2. d4 d5 3. e5 c5 4. c3 Nc6 5. Nf3 Bg4 6. Be2 e6 7. Nbd2 Nh6 8. Nb3
Nf5 9. O-O Bxf3 10. Bxf3 Qb6 11. dxc5 Bxc5 12. Nxc5 Qxc5 13. Re1 O-O 14. Bf4
Rfd8 15. g4 Nfe7 16. h4 d4 17. Qb3 dxc3 18. Bxc6 cxb2 19. Rab1 Qxc6 20. Rxb2
Rd4 21. Bg3 b6 22. Rc2 Qd5 23. Qxd5 Nxd5 24. Rec1 h6 25. f3 Ra4 26. Be1 Ra3 27.
Kf2 Rd8 28. Rd1 Kh7 29. Re2 Rc8 30. h5 Rc4 31. Kg3 Rca4 32. Rdd2 Rf4 33. Bf2
Raxf3+ 34. Kh4 Ne7 35. Bg3 Nf5+ 0-1

[Event "37. Copenhagen Open (Politiken Cup)"]
[Site "Elsinore"]
[Date "2015.08.01"]
[Round "9"]
[White "Hansen, John Laurids"]
[Black "Jernselius, Kjell"]
[Result "1-0"]
[WhiteElo "1986"]
[BlackElo "1768"]
[PlyCount "67"]
[EventDate "2015.07.25"]
[EventType "swiss"]
[EventRounds "10"]
[EventCountry "DEN"]
[Source "ChessBase"]
[SourceDate "2015.09.14"]

1. e4 d5 2. exd5 Qxd5 3. Nc3 Qd6 4. d4 Nf6 5. Nf3 Bg4 6. Be2 a6 7. O-O e6 8. h3
Bh5 9. Re1 Nbd7 10. Be3 Be7 11. Qd2 Nd5 12. Nxd5 exd5 13. Bf4 Qb6 14. Qe3 Kf8
15. Bxa6 Bd6 16. Bxd6+ Qxd6 17. Bxb7 Rd8 18. Bxd5 Nf6 19. Bb3 Re8 20. Qd3 Bg6
21. Rxe8+ Kxe8 22. Re1+ Kd8 23. Qb5 Nd7 24. Qa5 Nb6 25. c4 Nc8 26. c5 Qf4 27.
Qa8 f6 28. Be6 Re8 29. Qxc8+ Ke7 30. Bd5+ Kf8 31. Rxe8+ Bxe8 32. Bc6 Qc1+ 33.
Kh2 Qf4+ 34. g3 1-0

[Event "37. Copenhagen Open (Politiken Cup)"]
[Site "Elsinore"]
[Date "2015.08.01"]
[Round "9"]
[White "Hansen, Tommy"]
[Black "Skjolingstad, Sverre"]
[Result "1-0"]
[WhiteElo "1837"]
[BlackElo "1519"]
[PlyCount "37"]
[EventDate "2015.07.25"]
[EventType "swiss"]
[EventRounds "10"]
[EventCountry "DEN"]
[Source "ChessBase"]
[SourceDate "2015.09.14"]

1. e4 c5 2. Nc3 Nc6 3. Bb5 Nd4 4. Bc4 e6 5. Nge2 a6 6. d3 Ne7 7. Nxd4 cxd4 8.
Ne2 Nc6 9. O-O b5 10. Bb3 Bc5 11. f4 Bb7 12. Bd2 Na5 13. Ng3 Nxb3 14. axb3 Be7
15. Qg4 O-O 16. f5 Bf6 17. Nh5 Kh8 18. fxe6 fxe6 19. Rxf6 1-0

[Event "37. Copenhagen Open (Politiken Cup)"]
[Site "Elsinore"]
[Date "2015.08.01"]
[Round "9"]
[White "Hansen, Verner"]
[Black "Levrand, Roland"]
[Result "0-1"]
[WhiteElo "1883"]
[BlackElo "2146"]
[PlyCount "82"]
[EventDate "2015.07.25"]
[EventType "swiss"]
[EventRounds "10"]
[EventCountry "DEN"]
[Source "ChessBase"]
[SourceDate "2015.09.14"]

1. e4 c5 2. Nc3 a6 3. g3 b5 4. d3 Bb7 5. Bg2 e6 6. Nf3 Nf6 7. O-O Be7 8. Re1
O-O 9. Ne2 Qc7 10. e5 Ng4 11. Bf4 d6 12. Nc3 Nd7 13. exd6 Bxd6 14. Bxd6 Qxd6
15. Ne4 Qc7 16. Nfg5 Ngf6 17. Nxf6+ Nxf6 18. Ne4 Nxe4 19. Bxe4 Rad8 20. Qe2 Rd6
21. Rad1 Rfd8 22. Qe3 Bxe4 23. Qxe4 Rd4 24. Qe5 Qxe5 25. Rxe5 c4 26. Re3 Kf8
27. Kf1 R4d5 28. Ke2 e5 29. c3 f5 30. f4 e4 31. d4 R8d6 32. Rf1 b4 33. Rb1 Ra5
34. cxb4 Rxa2 35. Ra3 Rxa3 36. bxa3 Rxd4 37. Rc1 Ke7 38. Rc3 Kd6 39. h3 Kd5 40.
g4 Rd3 41. Rxd3+ cxd3+ 0-1

[Event "37. Copenhagen Open (Politiken Cup)"]
[Site "Elsinore"]
[Date "2015.08.01"]
[Round "9"]
[White "Haubro, Martin"]
[Black "Hansen, Sune Berg"]
[Result "0-1"]
[WhiteElo "2382"]
[BlackElo "2566"]
[PlyCount "64"]
[EventDate "2015.07.25"]
[EventType "swiss"]
[EventRounds "10"]
[EventCountry "DEN"]
[Source "ChessBase"]
[SourceDate "2015.09.14"]

1. e4 e5 2. Nf3 Nc6 3. Bb5 a6 4. Ba4 Nf6 5. O-O Be7 6. Re1 b5 7. Bb3 d6 8. c3
O-O 9. h3 Nb8 10. d3 Nbd7 11. Nbd2 Bb7 12. Nf1 Nc5 13. Bc2 Re8 14. Ng3 Bf8 15.
b4 Ncd7 16. a4 c5 17. bxc5 Nxc5 18. axb5 axb5 19. Rb1 d5 20. exd5 Nxd5 21. d4
Nxc3 22. Bxh7+ Kxh7 23. Qc2+ e4 24. Ng5+ Kg8 25. Qxc3 Na4 26. Qd2 Qd5 27. f3
exf3 28. Nxf3 b4 29. Rxe8 Rxe8 30. Ra1 Nc3 31. Bb2 Bd6 32. Re1 Rxe1+ 0-1

[Event "37. Copenhagen Open (Politiken Cup)"]
[Site "Elsinore"]
[Date "2015.08.01"]
[Round "9"]
[White "Haugli, Petter"]
[Black "Hofmann, Rares"]
[Result "1/2-1/2"]
[WhiteElo "2247"]
[BlackElo "2065"]
[PlyCount "80"]
[EventDate "2015.07.25"]
[EventType "swiss"]
[EventRounds "10"]
[EventCountry "DEN"]
[Source "ChessBase"]
[SourceDate "2015.09.14"]

1. d4 d5 2. c4 c6 3. Nf3 Nf6 4. Nc3 e6 5. e3 Nbd7 6. Bd3 dxc4 7. Bxc4 b5 8. Bd3
Bb7 9. a3 Bd6 10. O-O O-O 11. Ng5 h6 12. Nge4 Nxe4 13. Nxe4 Bc7 14. b4 e5 15.
Bb2 f5 16. Nc5 Nxc5 17. dxc5 Qh4 18. g3 Qe7 19. Qh5 e4 20. Bc2 Kh7 21. Rad1 Bc8
22. Bb3 Be6 23. Bxe6 Qxe6 24. Rd2 Rad8 25. Rfd1 Rxd2 26. Rxd2 Rd8 27. Qd1 Rxd2
28. Qxd2 Be5 29. Bxe5 Qxe5 30. Qd7 Qf6 31. Kg2 a6 32. h3 h5 33. Qc8 h4 34. gxh4
Qg6+ 35. Kh2 Qh5 36. Qd7 Qf3 37. Qd2 Qh5 38. Qd7 Qf3 39. Qd2 Qh5 40. Qd7 Qf3
1/2-1/2

[Event "37. Copenhagen Open (Politiken Cup)"]
[Site "Elsinore"]
[Date "2015.08.01"]
[Round "9"]
[White "Hedin, Niclas"]
[Black "Laustsen, Lars"]
[Result "0-1"]
[WhiteElo "1922"]
[BlackElo "2098"]
[PlyCount "112"]
[EventDate "2015.07.25"]
[EventType "swiss"]
[EventRounds "10"]
[EventCountry "DEN"]
[Source "ChessBase"]
[SourceDate "2015.09.14"]

1. d4 d5 2. c4 c6 3. Nc3 Nf6 4. e3 Bf5 5. cxd5 cxd5 6. Qb3 Nc6 7. Qxb7 Bd7 8.
Qa6 Rb8 9. Bb5 Nb4 10. Bxd7+ Qxd7 11. Qe2 Qf5 12. Kd1 Qd3+ 13. Qxd3 Nxd3 14.
Nh3 Nxb2+ 15. Bxb2 Rxb2 16. Kc1 Rb4 17. Nf4 e6 18. Nd3 Rc4 19. Kb2 Ba3+ 20. Kb3
O-O 21. Na4 Bd6 22. Ndc5 Rb8+ 23. Ka3 Rbb4 24. Nb2 Bxc5 25. Nxc4 Bf8 26. Ne5
Ne4 27. Rhc1 Nd2 28. Rc5 Bxc5 29. dxc5 a5 30. c6 Kf8 31. c7 Nc4+ 32. Nxc4 Rxc4
33. c8=Q+ Rxc8 34. Ka4 Rc5 35. Rb1 Ke7 36. Rb7+ Kf6 37. a3 Rc2 38. Kxa5 Rxf2
39. Rb4 Rxg2 40. h3 Ra2 41. a4 g5 42. Kb6 h5 43. a5 Kf5 44. a6 g4 45. hxg4+
hxg4 46. Rf4+ Kg5 47. Rxf7 g3 48. Rg7+ Kh4 49. a7 Kh3 50. Kb7 g2 51. a8=Q Rxa8
52. Kxa8 Kh2 53. Kb7 g1=Q 54. Rxg1 Kxg1 55. Kc6 Kf2 56. Kd6 Kxe3 0-1

[Event "37. Copenhagen Open (Politiken Cup)"]
[Site "Elsinore"]
[Date "2015.08.01"]
[Round "9"]
[White "Hinrichs, Kurt"]
[Black "Starup, Leo"]
[Result "1/2-1/2"]
[WhiteElo "1268"]
[BlackElo "1619"]
[PlyCount "54"]
[EventDate "2015.07.25"]
[EventType "swiss"]
[EventRounds "10"]
[EventCountry "DEN"]
[Source "ChessBase"]
[SourceDate "2015.09.14"]

1. d4 Nf6 2. Bf4 e6 3. c4 d5 4. e3 c5 5. Nc3 b6 6. Bd3 Bb7 7. Nf3 Be7 8. O-O
O-O 9. cxd5 Nxd5 10. Nxd5 Bxd5 11. Re1 Re8 12. Ne5 g6 13. a3 a6 14. Ng4 Bg5 15.
Bxg5 Qxg5 16. f4 Qd8 17. Nh6+ Kg7 18. Ng4 cxd4 19. exd4 Nd7 20. Ne5 Nf6 21. h3
Bb7 22. Qa4 Qd5 23. Bf1 b5 24. Qb4 Ne4 25. Red1 Ng3 26. Qd2 Nf5 27. Nf3 Red8
1/2-1/2

[Event "37. Copenhagen Open (Politiken Cup)"]
[Site "Elsinore"]
[Date "2015.08.01"]
[Round "9"]
[White "Hinrichs, Lars"]
[Black "Lobersli, Henrik Oie"]
[Result "1/2-1/2"]
[WhiteElo "2205"]
[BlackElo "2034"]
[PlyCount "53"]
[EventDate "2015.07.25"]
[EventType "swiss"]
[EventRounds "10"]
[EventCountry "DEN"]
[Source "ChessBase"]
[SourceDate "2015.09.14"]

1. e4 e5 2. Nf3 Nc6 3. Nc3 Nf6 4. d4 exd4 5. Nxd4 Bb4 6. Nxc6 bxc6 7. Bd3 d5 8.
exd5 cxd5 9. O-O O-O 10. h3 c6 11. Qf3 Bd6 12. Ne2 Re8 13. Ng3 Nd7 14. Nf5 Ne5
15. Qg3 Bxf5 16. Bxf5 Qf6 17. Qg5 Qxg5 18. Bxg5 g6 19. f4 gxf5 20. fxe5 Bxe5
21. Rxf5 Bxb2 22. Raf1 Rab8 23. Rxf7 Rf8 24. Rxf8+ Rxf8 25. Rxf8+ Kxf8 26. Kf2
Kf7 27. Be3 1/2-1/2

[Event "37. Copenhagen Open (Politiken Cup)"]
[Site "Elsinore"]
[Date "2015.08.01"]
[Round "9"]
[White "Hoare, Amy B"]
[Black "Ekeberg, Carl Fredrik"]
[Result "1/2-1/2"]
[WhiteElo "2069"]
[BlackElo "2267"]
[PlyCount "152"]
[EventDate "2015.07.25"]
[EventType "swiss"]
[EventRounds "10"]
[EventCountry "DEN"]
[Source "ChessBase"]
[SourceDate "2015.09.14"]

1. e4 e5 2. Bc4 Nc6 3. Nc3 Nf6 4. d3 Na5 5. Qf3 Bb4 6. Nge2 Nxc4 7. dxc4 d6 8.
h3 Be6 9. b3 Nd7 10. O-O Qf6 11. Qxf6 Nxf6 12. Be3 c6 13. Rfd1 Ke7 14. Rd3 Nd7
15. f3 Bc5 16. Rad1 Bxe3+ 17. Rxe3 Nc5 18. Nc1 f6 19. Nd3 Nd7 20. Nf2 Rad8 21.
Red3 Nc5 22. R3d2 Bf7 23. Ng4 h5 24. Ne3 g6 25. Kf2 Be6 26. g4 hxg4 27. hxg4
Bf7 28. Rg1 Ne6 29. Ne2 Ng5 30. Rg2 Rh1 31. Ng3 Nh3+ 32. Ke2 Nf4+ 33. Kf2 Rh3
34. Rg1 Rh2+ 35. Ke1 Rxd2 36. Kxd2 Rh8 37. Rh1 Rxh1 38. Nxh1 d5 39. cxd5 cxd5
40. exd5 Nxd5 41. Nf2 Nxe3 42. Kxe3 Bd5 43. c4 Bc6 44. b4 b6 45. Nd1 Bd7 46.
Nc3 Be6 47. Kd3 Kd7 48. a3 f5 49. gxf5 gxf5 50. Ne2 Kd6 51. Nc3 a6 52. Na4
Bxc4+ 53. Ke3 Kc6 54. f4 Bb3 55. Nc3 Kd6 56. Kf3 Bd5+ 57. Ke3 Bc6 58. Ne2 Kd5
59. fxe5 Kxe5 60. Nf4 Be8 61. Nd3+ Kd5 62. Kf4 Bd7 63. Nb2 Kd4 64. Nd1 a5 65.
bxa5 bxa5 66. Ne3 Kc3 67. Nd5+ Kb3 68. Nb6 Be6 69. a4 Kb4 70. Ke5 Bb3 71. Kxf5
Bxa4 72. Ke4 Bb5 73. Kd4 Bc6 74. Kd3 Kc5 75. Kc3 Kxb6 76. Kb2 a4 1/2-1/2

[Event "37. Copenhagen Open (Politiken Cup)"]
[Site "Elsinore"]
[Date "2015.08.01"]
[Round "9"]
[White "Hoi, Carsten"]
[Black "Thorsbro, Peter"]
[Result "1/2-1/2"]
[WhiteElo "2383"]
[BlackElo "2216"]
[PlyCount "35"]
[EventDate "2015.07.25"]
[EventType "swiss"]
[EventRounds "10"]
[EventCountry "DEN"]
[Source "ChessBase"]
[SourceDate "2015.09.14"]

1. d4 d5 2. Nf3 Nf6 3. Bg5 Ne4 4. Bh4 c5 5. dxc5 Nc6 6. e3 g6 7. Nbd2 Nxc5 8.
c3 Bf5 9. Nb3 Na4 10. Qd2 Qb6 11. Nfd4 Bd7 12. Bb5 Nc5 13. Nxc5 Qxc5 14. a4 Bg7
15. O-O a6 16. Bxc6 bxc6 17. b4 Qc4 18. f4 1/2-1/2

[Event "37. Copenhagen Open (Politiken Cup)"]
[Site "Elsinore"]
[Date "2015.08.01"]
[Round "9"]
[White "Hojem, Roger"]
[Black "Fjallheim, Leif Reinert"]
[Result "1-0"]
[WhiteElo "1738"]
[BlackElo "1530"]
[PlyCount "165"]
[EventDate "2015.07.25"]
[EventType "swiss"]
[EventRounds "10"]
[EventCountry "DEN"]
[Source "ChessBase"]
[SourceDate "2015.09.14"]

1. e4 e5 2. Nf3 Nc6 3. Bc4 Bc5 4. c3 Nf6 5. d3 d6 6. Bb3 h6 7. O-O O-O 8. Nbd2
Be6 9. Bc2 Bg4 10. h3 Bh5 11. Qe2 Ne7 12. Rd1 c6 13. Nf1 d5 14. Ng3 d4 15. Nxh5
Nxh5 16. Nxe5 Nf6 17. Ng4 Ng6 18. cxd4 Bxd4 19. Be3 b5 20. Bxd4 Qxd4 21. Nxf6+
Qxf6 22. Bb3 a5 23. a4 Rab8 24. d4 bxa4 25. e5 Qg5 26. Bxa4 Nf4 27. Qg4 f6 28.
Qxg5 fxg5 29. Bxc6 Rxb2 30. Bf3 Nxh3+ 31. Kf1 Nxf2 32. Rdb1 Rd2 33. Ke1 Rc2 34.
Rxa5 g4 35. Bd5+ Kh8 36. Ra8 Rxa8 37. Bxa8 Rc8 38. Kxf2 Rxa8 39. e6 Kg8 40. d5
Kf8 41. Kg3 Ke7 42. Kxg4 Kd6 43. Rd1 g6 44. Rd3 Rf8 45. Rf3 Ra8 46. Rd3 Rf8 47.
Rd4 Re8 48. Kf4 Rf8+ 49. Ke4 Rf5 50. g4 Rf1 51. Rd2 Re1+ 52. Kf3 Rf1+ 53. Kg3
Rf8 54. Rf2 Re8 55. Rd2 Rf8 56. Rd3 Rf1 57. Rd2 Rf8 58. Rd1 Rf6 59. Rd3 Rf8 60.
Rf3 Re8 61. Rd3 Rf8 62. Rf3 Re8 63. Rd3 Rf8 64. Kh4 Re8 65. Kg3 Rf8 66. Rd4 Rf1
67. Rf4 Rd1 68. Rf6 h5 69. gxh5 gxh5 70. Rf5 Rh1 71. Kg2 Rh4 72. Rg5 Ke7 73.
Rg6 Kd6 74. Rg5 Ke7 75. Rg7+ Kd6 76. Rd7+ Ke5 77. e7 Rg4+ 78. Kh3 Rg1 79. e8=Q+
Kf4 80. Rf7+ Kg5 81. Qg8+ Kh6 82. Rf6+ Rg6 83. Qxg6# 1-0

[Event "37. Copenhagen Open (Politiken Cup)"]
[Site "Elsinore"]
[Date "2015.08.01"]
[Round "9"]
[White "Hojgaard, Brandur"]
[Black "Linderod, Lars Erik"]
[Result "0-1"]
[WhiteElo "1787"]
[BlackElo "1912"]
[PlyCount "92"]
[EventDate "2015.07.25"]
[EventType "swiss"]
[EventRounds "10"]
[EventCountry "DEN"]
[Source "ChessBase"]
[SourceDate "2015.09.14"]

1. d4 f5 2. Nf3 Nf6 3. c4 d6 4. Nc3 g6 5. Qc2 Bg7 6. e3 O-O 7. Be2 Qe8 8. Nd5
Nxd5 9. cxd5 c6 10. Bc4 Kh8 11. O-O Bd7 12. Bd2 cxd5 13. Bxd5 Nc6 14. Bc3 Rc8
15. Qd2 e6 16. Bb3 e5 17. dxe5 dxe5 18. Rad1 Be6 19. Bxe6 Qxe6 20. a3 Rfd8 21.
Qe2 e4 22. Bxg7+ Kxg7 23. Nd4 Nxd4 24. Rxd4 Rxd4 25. exd4 Qb3 26. d5 Rc2 27.
Qd1 Qd3 28. Qa1 Qxd5 29. b4+ Kg8 30. Rd1 Rd2 31. Rxd2 Qxd2 32. h3 Kf7 33. b5
Ke6 34. Qb1 Kd5 35. Qa1 Qg5 36. a4 b6 37. g3 e3 38. fxe3 Qxe3+ 39. Kg2 Qe4+ 40.
Kh2 Qc2+ 41. Kh1 Ke4 42. Qf1 g5 43. Qa1 Kf3 44. Qg1 Qf2 45. Qd1+ Kxg3 46. Qd6+
f4 0-1